Nalaganje...

Bioinformatics: the machine learning approach /

Bibliografske podrobnosti
Glavni avtor: Baldi, Pierre
Drugi avtorji: Brunak, Soren .
Format: Printed Book
Jezik:English
Izdano: New Delhi : Affilitated East West Press , 2001.
Izdaja:2 /
Teme:
LEADER 00833cam a2200253ua 4500
001 2131
005 20191212161502.0
007 ta
008 080724s2001 g b000 u eng u
041 1 |a eng  |h NULL 
082 1 4 |a 025.065728  |b BAL 
100 1 |a  Baldi, Pierre . 
245 1 0 |a Bioinformatics: the machine learning approach /   |c Pierre Baldi.  |h Textual Documents 
250 |a 2 /   |b . 
260 |a New Delhi :   |b Affilitated East West Press ,   |c 2001. 
300 |a NULL ;   |c NULL. 
541 |e 02138  
653 0 |a Bioinformatics 
653 0 |a Machine learning 
700 1 |a Brunak, Soren . 
852 1 |t 1  |p DCS02138   |k 025.065728  |f 00000  |m BAL 
942 |c BK 
999 |c 238860  |d 238860 
952 |0 0  |1 0  |4 0  |6 025_065728000000000  |7 0  |9 253383  |a DCS  |b DCS  |d 2019-12-12  |f 00000  |l 0  |m 0  |o 025.065728  |p DCS02138   |r 2019-12-12  |t 1  |w 2019-12-12  |y BK